[Event "21st Dubai Open 2019"]
[Site "Dubai"]
[Date "2019.04.02"]
[Round "2.28"]
[White "Mullick, Raahil"]
[Black "Vokhidov, Shamsiddin"]
[Result "0-1"]
[WhiteElo "2275"]
[BlackElo "2494"]
[Annotator "TA"]
[PlyCount "62"]
[EventDate "2019.04.01"]
[EventType "swiss"]
[EventCountry "UAE"]
[SourceTitle "playchess.com"]
[Source "ChessBase"]
[SourceQuality "1"]

{[%evp 27,62,9,2,0,32,19,42,33,43,25,16,0,0,0,0,-8,0,-70,0,-252,-243,-245,-243,-475,-469,-461,-468,-442,-456,-451,-441,-578,-578,-578,-563,-568,-554]} 1. e4 c5 2. Nf3 Nc6 3. d4 cxd4 4. Nxd4 Qb6 5. Nb3 Nf6 6. Nc3 e6 7. Be3 Qc7 8. a3 a6 9. Be2 b5 10. f4 d6 11. O-O {B33: Sicilian: Pelikan and Sveshnikov Variations} Be7 12. Bf3 Bb7 13. Qd2 O-O 14. Qf2 Rac8 {LiveBook: 5 Games} 15. Rfd1 Qb8 $146 ({Predecessor:} 15... Nd7 16. g4 g5 17. f5 Nce5 18. Be2 Nf6 {0-1 (29) Zhelnin,V (2473)-Maryasin,B (2332) Vienna 2015}) 16. Rd2 Rfd8 17. Rad1 Qa8 18. Bb6 Re8 19. Rxd6 Bxd6 20. Rxd6 {aiming for e5.} Ne7 {[%cal Rb7e4]} 21. Nc5 Bc6 22. Qd4 (22. Ba5 $11) 22... Rf8 (22... Ng6 $1 $15) 23. Qb4 $2 {[%mdl 8192]} (23. Ba5 $11) 23... Qb8 $1 $19 {[%csl LRb6,LRd6][%mdl 64] [#] Double Attack} 24. e5 Ne8 ({Weaker is} 24... Qxb6 25. exf6 a5 26. Qxb5 $17) 25. Rd7 $2 (25. Bxc6 Nxd6 26. Nd7 Nxc6 27. Qxd6 Qxd6 28. exd6) 25... Qxb6 {Black is clearly winning.} 26. N3a4 Qb8 27. Rxe7 a5 ({Less strong is} 27... Bxf3 28. Nd7 $19) 28. Qb3 Bxf3 29. Qxf3 {Hoping for Rb7.} bxa4 {[%mdl 64] [#] Discovered Attack} 30. Rb7 Qa8 31. Nd7 Rc7 {Accuracy: White = 18%, Black = 46%.} 0-1

[Event "21st Dubai Open 2019"]
[Site "Dubai"]
[Date "2019.04.02"]
[Round "2.29"]
[White "Nguyen, Anh Khoi"]
[Black "Jeet, Jain"]
[Result "1/2-1/2"]
[WhiteElo "2481"]
[BlackElo "2219"]
[Annotator "TA"]
[PlyCount "54"]
[EventDate "2019.04.01"]
[EventType "swiss"]
[EventCountry "UAE"]
[SourceTitle "playchess.com"]
[Source "ChessBase"]
[SourceQuality "1"]

{[%evp 17,54,11,15,15,18,6,23,14,35,35,7,0,0,-28,-40,-45,-29,-39,-38,-40,-22,-42,-20,-25,-22,-45,-38,-56,-63,-96,-63,-63,-63,-67,-72,-74,-56,-63,-51]} 1. d4 d5 2. c4 e6 3. Nf3 Nf6 4. g3 dxc4 5. Bg2 c5 6. O-O Nc6 7. Qa4 Bd7 8. Qxc4 b5 9. Qd3 c4 10. Qc2 {E04: Open Catalan: 5 Nf3} (10. Qd1 Rc8 11. b3 Na5 12. Ne5 cxb3 13. axb3 Rxc1 14. Qxc1 Nxb3 15. Qb2 Nxa1 16. Qxa1 Bd6 17. Qxa7 O-O 18. Nxd7 Nxd7 {½-½ (77) Yu,Y (2751)-Harikrishna,P (2744) Huaian 2017}) 10... Be7 11. e4 O-O 12. Qe2 {White has an edge.} Re8 13. Rd1 Qb6 14. Be3 {d5 is the strong threat.} Ng4 15. Bf4 {[#]} e5 $146 {[%cal Re5f4][%mdl 512]} ({Predecessor:} 15... Rad8 16. e5 f6 17. exf6 Nxf6 {0-1 (40) Wen,Y (2545)-Xiu,D (2508) Ningbo 2011}) 16. Bxe5 (16. dxe5 Rad8) 16... Ngxe5 17. dxe5 Bg4 $36 {[%mdl 2048] Black is more active.} 18. Nc3 Bc5 {next ...Nd4 is good for Black.} 19. Qf1 Nxe5 20. Nxe5 Rxe5 ({Don't play} 20... Bxd1 $6 21. Nd7 $16) 21. Rd5 Bd4 22. Rxe5 Bxe5 23. Kh1 Rd8 24. Nd5 Qc5 25. Rb1 Be6 26. Qe2 Bxd5 27. exd5 Bd4 {Accuracy: White = 64%, Black = 63%.} 1/2-1/2

[Event "21st Dubai Open 2019"]
[Site "Dubai"]
[Date "2019.04.02"]
[Round "2.30"]
[White "Srihari L R"]
[Black "Sadhwani, Raunak"]
[Result "0-1"]
[WhiteElo "2263"]
[BlackElo "2475"]
[Annotator "TA"]
[PlyCount "34"]
[EventDate "2019.04.01"]
[EventType "swiss"]
[EventCountry "UAE"]
[SourceTitle "playchess.com"]
[Source "ChessBase"]
[SourceQuality "1"]

{[%evp 13,34,45,38,18,14,-2,0,0,0,-2,-9,-7,-11,-77,-32,-443,-448,-452,-445,-441,-456,-418,-361]} 1. d4 Nf6 2. c4 g6 3. Nc3 Bg7 4. e4 d6 5. h3 O-O 6. Bg5 Na6 {[%cal Bb8a6,Ba6c5,Bc5e4,Be4c3][%mdl 32]} 7. Bd3 Qe8 {LiveBook: 34 Games. E71: King's Indian: 4 e4 d6 5 h3} (7... c6 8. Nge2 e5 9. d5 cxd5 10. Nxd5 Be6 11. Ndc3 Qd7 12. g4 Nc7 13. Nd5 Bxd5 14. cxd5 Kh8 15. Be3 Ng8 16. Ng3 Nb5 17. h4 {1-0 (63) Vallejo Pons,F (2707)-Quintin Navarro,A (2420) Linares 2018}) 8. d5 $146 ({Predecessor:} 8. Nge2 e5 9. d5 Kh8 10. g4 c6 11. Ng3 Nc5 12. Bc2 cxd5 13. cxd5 Bd7 14. b4 Na6 15. Rb1 Rc8 16. Qd2 Nc7 17. a4 {½-½ (65) Zufic,M (2461)-Spasov,V (2546) Kastel Kambelovac 2014}) 8... Nc5 9. Bc2 e6 {[#] ...Nfxe4! is the strong threat.The position is equal.} 10. Nge2 exd5 11. exd5 Nfe4 12. Be3 Nxc3 13. bxc3 (13. Nxc3 $11 Qd8 14. O-O) 13... Ne4 14. Bd4 $2 {[%mdl 8192] [#]} (14. O-O $15) 14... Nxc3 $1 $19 15. Bxc3 Bxc3+ 16. Kf1 Bxa1 17. Qxa1 Bd7 0-1

[Event "21st Dubai Open 2019"]
[Site "Dubai"]
[Date "2019.04.02"]
[Round "2.31"]
[White "Mulenga, Prince Daniel"]
[Black "Vignesh N R"]
[Result "1/2-1/2"]
[WhiteElo "2252"]
[BlackElo "2457"]
[Annotator "TA"]
[PlyCount "89"]
[EventDate "2019.04.01"]
[EventType "swiss"]
[EventCountry "UAE"]
[SourceTitle "playchess.com"]
[Source "ChessBase"]
[SourceQuality "1"]

{[%evp 15,89,37,53,22,26,24,25,20,30,16,22,0,7,0,0,0,0,-5,0,-8,-8,0,13,-33,-30,-14,-19,-41,-31,-84,-69,-74,-59,-108,-60,-120,-114,-141,-122,-143,-41,-47,-73,-102,-97,-97,-85,-154,-86,-168,-88,-102,0,0,0,0,0,0,0,-8,-8,-20,0,0,0,0,0,0,0,0,0,0,0,0,0,0]} 1. d4 Nf6 2. c4 e6 3. Nf3 Bb4+ 4. Bd2 c5 5. Bxb4 cxb4 6. g3 a5 7. Bg2 d6 8. O-O O-O 9. Nbd2 {E11: Bogo-Indian} Qc7 10. a3 Na6 11. Rc1 {White has an edge.} b6 (11... Rd8 12. e3 b6 13. Ne1 Bb7 14. Bxb7 Qxb7 15. Nd3 bxa3 16. bxa3 h5 17. Qf3 Qxf3 18. Nxf3 {½-½ (28) Xiong,J (2634)-Adhiban,B (2655) chess.com INT 2018}) 12. Qb3 Bb7 13. Rfe1 Rfe8 $146 ({Predecessor:} 13... Ne4 14. Nxe4 Bxe4 15. Qe3 Qb7 16. Qf4 Rfd8 17. Bf1 h6 18. Nd2 Bc6 19. e3 Qe7 {½-½ (41) Driamin,D (2205)-Saruhanjan,M (2305) Moscow 1996}) 14. axb4 Nxb4 15. Nb1 {[%cal Bd2b1,Bb1a3,Ba3b5][%mdl 32]} Rac8 16. Na3 Ba6 17. Nd2 e5 18. Bh3 Rcd8 19. Nb5 Qe7 20. dxe5 dxe5 21. Nf1 Ne4 22. Qe3 ({White should play} 22. Ne3 $15) 22... Nc5 23. Na3 Rd4 24. Bg2 Red8 25. h4 (25. b3 $1 $15) 25... f5 $36 {[%mdl 2048] White is under strong pressure.} 26. Nb5 Bxb5 27. cxb5 f4 (27... h6 $17 28. Qf3 f4) 28. gxf4 $15 Rxf4 29. Ng3 Rdf8 (29... Nd5 {with more complications.} 30. Bxd5+ Rxd5 31. Red1 Qd8 32. Rxd5 Qxd5 33. h5 h6) 30. Rxc5 bxc5 31. Rc1 ({White should try} 31. b6) 31... Rxf2 (31... Rd4 $142 32. Qg5 Qf7) 32. Rxc5 (32. b6 $17 {is a better defense.}) 32... Qxh4 (32... R2f4 $19 33. Qxe5 Qxh4) 33. Rxe5 Qd8 (33... R2f7 $17 34. b6 Nc2) 34. Bf3 $1 $11 {[#]The position is equal.} R2xf3 $1 {[%mdl 512]} 35. exf3 Qd1+ 36. Nf1 Qd6 37. Re6 Qd8 38. Re7 Nd5 39. Qe6+ Kh8 40. Rd7 {[%mdl 64] [#] Double Attack} Qg5+ 41. Qg4 Qe5 {Hoping for ...Nf4.} 42. Qe4 $1 {[%cal Re4e5]} Qg5+ 43. Qg4 Qe5 {...Nf4 is the strong threat.} 44. Qe4 $1 {[%cal Re4e5]} Qg5+ 45. Qg4 {Accuracy: White = 28%, Black = 54%.} 1/2-1/2

[Event "21st Dubai Open 2019"]
[Site "Dubai"]
[Date "2019.04.02"]
[Round "2.32"]
[White "Aditya Mittal"]
[Black "Chekh Adm Khedr, Aram"]
[Result "1-0"]
[WhiteElo "2457"]
[BlackElo "2146"]
[Annotator "TA"]
[PlyCount "89"]
[EventDate "2019.04.01"]
[EventType "swiss"]
[EventCountry "UAE"]
[SourceTitle "playchess.com"]
[Source "ChessBase"]
[SourceQuality "1"]

{[%evp 16,89,0,0,44,45,71,69,83,74,76,74,70,69,101,98,101,102,101,101,101,101,102,97,133,132,133,101,146,101,137,89,87,89,121,107,116,102,120,120,118,106,170,95,103,46,163,165,166,166,193,131,159,107,107,93,263,253,292,260,292,262,289,288,287,286,271,252,216,216,369,368,439,431,710,662]} 1. d4 d5 2. c4 c6 3. Nf3 Nf6 4. Nc3 e6 5. g3 Be7 6. Bg2 O-O 7. O-O Nbd7 8. Bf4 dxc4 9. e4 Nb6 {E07: Closed Catalan: Main Line (5 Nf3 0-0 6 0-0 Nbd7)} (9... Re8 10. a4 b6 11. d5 exd5 12. exd5 Bb7 13. a5 bxa5 14. d6 Bf8 15. Nd2 Nd5 16. Nxd5 cxd5 17. Nxc4 dxc4 18. Bxb7 {½-½ (42) Nakamura,H (2777)-Karjakin,S (2773) Saint Louis 2018}) 10. Qe2 Re8 $146 ({Predecessor:} 10... c5 11. Rfd1 cxd4 12. Nxd4 Nfd7 13. Ndb5 Bc5 14. Nc7 Rb8 15. Na6 bxa6 16. Bxb8 Qe7 17. Bf4 {1-0 (51) Romanishin,O (2530)-Zivanic,M (2477) Kavala 2008}) 11. Rfd1 h6 {White is slightly better.} 12. Ne5 Nfd7 13. Nxc4 Nxc4 14. Qxc4 Bg5 15. Bxg5 Qxg5 16. e5 Nb6 17. Qe2 Nd5 18. Ne4 Qe7 19. Rac1 Bd7 20. Nd6 Reb8 21. f4 a5 22. Be4 a4 23. a3 b5 24. Qd2 Qd8 25. Bxd5 exd5 26. f5 Qg5 27. Qxg5 hxg5 28. Re1 $1 Rd8 (28... Rb6 $16) 29. g4 (29. Kf2 $18) 29... Rab8 $16 30. Rc5 (30. e6 $1 $16 {[%cal Re6f7]} Bxe6 31. Rxc6 (31. fxe6 Rxd6 32. exf7+ Kxf7 $17)) 30... b4 {[#]} (30... Kf8 $14) 31. Ra5 $1 $18 bxa3 32. bxa3 Rb3 33. Ra7 $36 {[%mdl 2048] Keeping Black busy.} (33. Rxa4 $18 Be8 34. Ra7) 33... Rxa3 {[#]} 34. e6 ({White should play} 34. Rb1 $1) 34... fxe6 $16 35. fxe6 Bxe6 $2 (35... Be8 $16) 36. Rxe6 $18 {Threatens to win with Rg6.} Ra1+ 37. Kg2 Ra2+ 38. Kf3 Ra3+ 39. Ke2 {Rg6 is the strong threat.} Rb8 {intending ...Rb2+.} 40. Re8+ Rxe8+ 41. Nxe8 Ra2+ 42. Kd3 a3 $2 (42... Rxh2 {might work better.} 43. Nd6 (43. Rxa4 Rh3+ 44. Ke2 Rg3 $16) (43. Nxg7 Rh7 $11) 43... Rg2 44. Ra8+ (44. Rxa4 Rg3+ 45. Ke2 Rxg4 $16) 44... Kh7) 43. Nxg7 Rg2 44. Nf5 Rxh2 (44... a2 $142 45. Ne7+ Kf8 46. Nxc6 Rxh2) 45. Rxa3 {Accuracy: White = 71%, Black = 34%.} 1-0

[Event "21st Dubai Open 2019"]
[Site "Dubai"]
[Date "2019.04.02"]
[Round "2.33"]
[White "Praveen Kumar C"]
[Black "Darini, Pouria"]
[Result "0-1"]
[WhiteElo "2225"]
[BlackElo "2455"]
[Annotator "TA"]
[PlyCount "66"]
[EventDate "2019.04.01"]
[EventType "swiss"]
[EventCountry "UAE"]
[SourceTitle "playchess.com"]
[Source "ChessBase"]
[SourceQuality "1"]

{[%evp 16,66,29,25,17,0,4,4,0,0,0,0,0,-7,-19,-14,10,0,14,-37,-33,-73,-40,-62,-57,-63,-60,-423,-422,-500,-513,-497,-510,-510,-490,-497,-512,-541,-547,-550,-550,-539,-522,-524,-452,-762,-550,-953,-957,-890,-771,-745,-737]} 1. d4 Nf6 2. c4 g6 3. g3 Bg7 4. Bg2 d5 5. cxd5 Nxd5 6. Nf3 O-O 7. O-O c5 8. e4 Nf6 9. e5 Nd5 {D75: Fianchetto Grünfeld: Main Line with 7...c5} 10. Nc3 (10. dxc5 Na6 11. Qd4 Ndb4 12. Qh4 Nc2 13. Bg5 Qd7 14. Nc3 Nxa1 15. Rxa1 f6 16. Be3 Qg4 17. Qxg4 Bxg4 18. a3 {½-½ (54) Wojtaszek,R (2750)-Tomczak,J (2589) Warsaw 2018}) 10... Nxc3 11. bxc3 cxd4 $146 {The position is equal.} ({Predecessor:} 11... Nc6 12. h3 Be6 13. Qa4 Qd7 14. Ba3 cxd4 15. Nxd4 Nxd4 16. Qxd4 Rfd8 17. Rfd1 {0-1 (50) Garavito,M (2257)-Herrera,J (2214) Mosquera 2014}) 12. cxd4 Be6 13. Ng5 Bd5 $1 14. Ne4 Nc6 15. Be3 Rc8 16. Qa4 b6 17. Rfc1 ({White should try} 17. Rac1 $11) 17... Qd7 $15 18. Qb5 {[#] And now Nd6 would win.} Rcd8 (18... Nxe5 $5 19. Nf6+ Bxf6 20. Qxd7 Nxd7 21. Bxd5 Rfd8 $15) 19. Qd3 Bxe4 20. Qxe4 Nxd4 {[%cal Bc6d4,Bd4e2,Be2c3][%mdl 32] Hoping for ...Ne2+.} 21. Rd1 $2 {[%mdl 8192]} (21. Re1 $15) 21... Ne2+ $19 {[%mdl 64] [#] Discovered Attack. Black is clearly winning.} 22. Kh1 Qxd1+ 23. Rxd1 Rxd1+ 24. Bf1 Rxf1+ 25. Kg2 Rg1+ 26. Kh3 Nc3 27. Qd4 Nd1 28. Bf4 e6 29. f3 Rf1 30. Qd2 (30. Kg2 $142 Rf2+ 31. Kh3) 30... Rc8 31. Qe2 Rg1 32. Qd2 Nc3 33. Qd7 Rf8 {Accuracy: White = 35%, Black = 78%.} 0-1

[Event "21st Dubai Open 2019"]
[Site "Dubai"]
[Date "2019.04.02"]
[Round "2.34"]
[White "Divya Deshmukh"]
[Black "Anilkumar, O.T."]
[Result "1-0"]
[WhiteElo "2432"]
[BlackElo "1975"]
[Annotator "TA"]
[PlyCount "63"]
[EventDate "2019.04.01"]
[EventType "swiss"]
[EventCountry "UAE"]
[SourceTitle "playchess.com"]
[Source "ChessBase"]
[SourceQuality "1"]

{[%evp 17,63,40,32,29,31,0,-5,0,0,-3,14,0,13,8,18,0,0,-2,25,25,29,21,25,5,31,2,16,35,222,214,213,207,247,174,239,174,187,182,260,260,387,382,437,396,466,466,466,452]} 1. e4 Nf6 2. e5 Nd5 3. c4 Nb6 4. d4 d6 5. exd6 exd6 6. Nc3 Be7 7. Nf3 Bg4 8. Be2 O-O 9. O-O c5 10. dxc5 $146 {B05: Alekhine's Defence: 4 Nf3 Bg4} ({Predecessor:} 10. Be3 Nc6 11. b3 f5 12. h3 Bxf3 13. Bxf3 f4 14. dxc5 fxe3 15. cxb6 exf2+ 16. Kh1 Bf6 17. Rc1 Be5 18. Rxf2 {½-½ (35) Dvoirys,S (2562)-Zilberman,Y (2488) Dieren 2000}) 10... dxc5 11. Nd5 Nxd5 12. cxd5 {The position is equal.} Bd6 13. Qc2 {Ng5 is the strong threat.} Bxf3 14. Bxf3 Nd7 15. g3 b5 16. Bg2 a6 17. b3 Be5 18. Rb1 Rc8 19. Re1 Re8 20. Be3 c4 21. Rbd1 cxb3 22. Qxb3 Nc5 $2 {[#]} (22... Bd6 $14) 23. Bxc5 $1 $18 Rxc5 {[#]} 24. d6 $1 {[%mdl 512]} Bf6 (24... Bxd6 25. Rxe8+) 25. Rxe8+ Qxe8 26. Qa3 $40 {[%mdl 128] White is out for blood.} Rc3 27. Qxa6 {Hoping for d7.} Qd7 (27... Bd8 $142 28. Bf1 g6 29. Bxb5 Qe6) 28. Bf1 b4 (28... g6 $142 29. Qxb5 Qxb5 30. Bxb5 Kg7) 29. Bb5 Qg4 30. Re1 {[%cal Re1e8]} h6 31. d7 Qd4 {[#]} 32. Qxf6 $1 {[%mdl 576] Promotion. Accuracy: White = 67%, Black = 36%.} 1-0

[Event "21st Dubai Open 2019"]
[Site "Dubai"]
[Date "2019.04.02"]
[Round "2.35"]
[White "Laxman, R.R."]
[Black "Ahmad, Al Romaithi"]
[Result "1-0"]
[WhiteElo "2428"]
[BlackElo "1763"]
[Annotator "TA"]
[PlyCount "51"]
[EventDate "2019.04.01"]
[EventType "swiss"]
[EventCountry "UAE"]
[SourceTitle "playchess.com"]
[Source "ChessBase"]
[SourceQuality "1"]

{[%evp 32,51,33,35,77,79,83,87,73,39,39,51,43,41,39,40,36,0,382,382,368,378]} 1. d4 Nf6 2. Nf3 e6 3. c4 d5 4. g3 Bb4+ 5. Bd2 Be7 6. Bg2 O-O 7. O-O Nbd7 8. Qc2 c6 9. Bf4 b6 10. Rd1 Bb7 11. b3 Rc8 12. Nc3 {[%cal Bb1c3,Bc3e2,Be2f4][%mdl 32]} Nh5 13. Bc1 f5 14. Bb2 {E08: Closed Catalan: Main Line: 7 Qc2} Bd6 15. e3 Qe7 16. Ne2 Nhf6 17. Nf4 {[#] LiveBook: 7 Games} dxc4 $146 ({Predecessor:} 17... Ne4 18. Qe2 Ndf6 19. Ne5 Rfd8 20. Rac1 c5 {½-½ (20) Gelfand,B (2758)-Ponomariov,R (2739) Khanty-Mansiysk 2009}) 18. bxc4 c5 {[#]} 19. d5 $1 exd5 20. Nh4 g6 $1 21. Nxd5 Bxd5 22. Bxd5+ Nxd5 23. Rxd5 {[#] Hoping for Rad1.} Nf6 24. Qc3 Kf7 $2 {[%mdl 8192]} (24... Nxd5 $11 {and Black stays safe.} 25. Qh8+ (25. cxd5 Kf7 $17) 25... Kf7 26. Qxh7+ {[%mdl 64] Double Attack} Ke6 27. cxd5+ (27. Qxg6+ Nf6 $11) 27... Kd7 28. Qxe7+ Bxe7 29. Nxg6 Rg8 30. Ne5+ Kd6) 25. Qxf6+ $1 $18 Qxf6 26. Bxf6 1-0

[Event "21st Dubai Open 2019"]
[Site "Dubai"]
[Date "2019.04.02"]
[Round "2.36"]
[White "Panda Sambit"]
[Black "Tokhirjonova, Gulrukhbegim"]
[Result "0-1"]
[WhiteElo "2218"]
[BlackElo "2427"]
[Annotator "TA"]
[PlyCount "84"]
[EventDate "2019.04.01"]
[EventType "swiss"]
[EventCountry "UAE"]
[SourceTitle "playchess.com"]
[Source "ChessBase"]
[SourceQuality "1"]

{[%evp 13,84,63,81,23,93,47,50,34,41,37,64,76,63,61,61,61,53,8,127,125,124,108,171,181,182,154,144,159,154,154,145,160,160,160,172,170,161,164,139,125,113,79,90,91,83,77,68,51,77,72,46,-458,-470,-467,-452,-450,-403,-593,-362,-29989,-29990,-29990,-752,-734,-723,-1183,-1164,-993,-994,-29990,-29991,-29998,-29999]} 1. d4 e6 2. Nf3 b6 3. e4 Bb7 4. Bd3 c5 5. c3 d6 6. O-O Nf6 7. Qe2 Be7 {LiveBook: 24 Games} 8. h3 {B00: Queen's Fianchetto Defence, Nimzowitsch Defence} ({White should play} 8. e5 $16 Nd5 9. dxc5 bxc5 10. Rd1) (8. Bg5 O-O 9. e5 Ne8 10. Bxe7 Qxe7 11. Nbd2 Nd7 12. Ne4 Rd8 13. Rfe1 g6 14. Rad1 cxd4 15. cxd4 dxe5 16. dxe5 {1-0 (26) Perdomo,L (2449)-Granda Zuniga,J (2657) Florianopolis 2018}) 8... Qc7 (8... d5 $11) 9. Bf4 Nbd7 10. Nbd2 {White is slightly better.} O-O 11. Bh2 $146 ({Predecessor:} 11. Rac1 Rfe8 12. Bh2 h6 13. a4 Nh7 14. e5 d5 15. Bb1 a5 {½-½ (25) Noering,A (1851)-Barwinski,F (1640) Germany 2015}) 11... e5 12. dxe5 Nxe5 13. Nxe5 dxe5 14. Nc4 Nd7 15. f4 {[%cal Rf4e5]} exf4 (15... b5 $1 $11 {remains equal.} 16. Nxe5 c4) 16. Rxf4 $16 Qc6 17. e5 {[%cal Be4e5,Be5e6][%mdl 32]} Rae8 (17... b5 $16 {keeps fighting.}) 18. Be4 $18 Qc8 {[#]} 19. e6 $1 {[%mdl 512]} Nf6 {[#]} (19... fxe6 20. Bxb7) 20. Bf5 $1 Qa8 21. exf7+ Rxf7 {White should prevent ...Bd6!} 22. Be6 Bd5 {Black wants to play ...Bxe6.} 23. Bxf7+ Bxf7 24. Qf1 b5 25. Ne5 {[%cal Bc4e5,Be5f3,Bf3d4][%mdl 32]} Bd5 26. Re1 c4 27. Nf3 Ne4 28. Nd4 a6 29. Rf5 Bf6 {[%cal Be7f6,Bf6e5,Be5h2][%mdl 32]} 30. Qf4 b4 31. Qc7 bxc3 32. Be5 $2 {[%mdl 8192]} (32. bxc3 $14 {is the one way to stay ahead.} a5 33. Qb6) 32... Re7 $19 33. Qb6 {[%cal Re5f6]} Bxe5 ({Don't do} 33... Rxe5 34. bxc3 Rxf5 35. Nxf5 $19) 34. bxc3 g6 35. Rf3 (35. Rxe5 {is the only way for White.} Rxe5 36. Nf3) 35... Qb8 36. Qa5 $2 (36. Qxb8+ $19 Bxb8 37. Nc2) 36... Bh2+ 37. Kf1 Qe5 (37... Ng3+ $142 38. Rxg3 Rxe1+ 39. Kxe1 Bxg3+ 40. Kd2 Qb2+ 41. Nc2 Bf4+ 42. Ke2 Qxc2+ 43. Kf1 Bxg2+ {[%mdl 64] Double Attack} 44. Kg1 Be3+ 45. Kh2 Bf3+ 46. Kg3 Qf2#) 38. Ree3 Bf4 39. Re2 Rb7 40. Qd8+ Kg7 {( -> ...Rb1+)} 41. g3 Nxg3+ {[%mdl 64] Discovered Attack} 42. Rxg3 Rb1+ {Accuracy: White = 55%, Black = 54%.} 0-1

[Event "21st Dubai Open 2019"]
[Site "Dubai"]
[Date "2019.04.02"]
[Round "2.37"]
[White "Mendonca, Leon Luke"]
[Black "Ravindra, Dange"]
[Result "1-0"]
[WhiteElo "2427"]
[BlackElo "1598"]
[Annotator "TA"]
[PlyCount "95"]
[EventDate "2019.04.01"]
[EventType "swiss"]
[EventCountry "UAE"]
[SourceTitle "playchess.com"]
[Source "ChessBase"]
[SourceQuality "1"]

{[%evp 9,95,0,0,0,29,14,19,24,18,33,40,40,36,39,46,45,58,58,63,68,70,67,69,70,65,44,78,76,73,73,75,75,69,69,81,50,85,99,135,126,172,172,174,189,181,159,224,217,216,210,205,148,156,157,143,89,116,116,116,117,120,120,207,213,301,294,361,197,347,165,194,195,312,307,403,362,983,983,5852,5852,5831,345,5822,4066,5150,5026,2218,2018]} 1. d4 d5 2. c4 c6 3. Nf3 Nf6 4. g3 g6 (4... Bg4 5. Ne5 Bf5 6. cxd5 cxd5 7. Nc3 Nc6 8. f3 Bd7 9. e4 e6 10. Nxc6 Bxc6 11. e5 Ng8 12. Be3 Bb4 {½-½ (47) Le,Q (2714)-Hovhannisyan,R (2637) St Petersburg 2018}) 5. Qa4 Nbd7 6. cxd5 {D11: Slav Defence: 3 Nf3 sidelines and 3...Nf6 4 e3 Bg4} cxd5 7. Bg2 Bg7 8. O-O {The position is equal.} O-O 9. Nc3 a6 10. Qb3 e6 11. Bf4 Re8 $146 ({Predecessor:} 11... b5 12. a4 bxa4 13. Nxa4 {1-0 (60) Khegay,D (2495)-Palachev,P (2405) Voronezh 2018}) 12. Rfc1 Nb6 13. Nb5 axb5 14. Bc7 $1 {[%cal Rc7d8]} Qe7 {[#] White must now prevent ...Nc4.} 15. Bxb6 Bd7 16. Bc5 Qd8 17. Ne5 Qa5 18. Bb4 $36 {[%mdl 2048] Keeping Black busy.} Qa4 19. Qxa4 Rxa4 20. a3 Rea8 21. e3 Be8 22. Bf1 Ne4 23. f3 Ng5 24. Kf2 {h4 is the strong threat.} Bxe5 25. dxe5 {[#] Threatens to win with h4.} h5 26. Rab1 R4a6 27. Rc7 Bc6 (27... Rc6 $16 28. Rc1 (28. Rxb7 Rc2+ 29. Be2 d4 $11) 28... Rxc1 29. Rxc1 Bc6) 28. Rc1 $18 Nh7 29. Bd3 Nf8 30. h4 Rd8 31. g4 hxg4 32. f4 (32. h5 $142) 32... Raa8 33. Rg1 Rd7 34. Rxd7 Nxd7 35. Rxg4 Kh7 (35... b6 $16 {was necessary.} 36. h5 Nc5) 36. h5 $1 {[%cal Rh5g6]} Rg8 (36... Nf8 $142 37. Bxf8 Rxf8 38. hxg6+ Kg7 39. gxf7+ Kxf7 40. Bg6+ Kg7 41. Bd3+ Kf7) 37. hxg6+ fxg6 38. Rg1 (38. Be7 $142) 38... Kh6 (38... d4 $142 39. exd4 Nb6) 39. Kg3 (39. Be7 $142) 39... Nb6 40. b3 Na8 (40... Kg7 $142 41. Kf2 Kf7) 41. Kg4 Nc7 42. Be7 {White threatens Bf6 and mate.} Ne8 $2 (42... Kg7 43. Bf6+ Kf8) 43. Bf6 {[%cal Rg1h1]} Ng7 44. Bg5+ Kh7 45. Rh1+ Nh5 46. Rxh5+ {White is clearly winning.} Kg7 47. Bf6+ Kf7 48. Rh7+ {Accuracy: White = 71%, Black = 57%.} 1-0

[Event "21st Dubai Open 2019"]
[Site "Dubai"]
[Date "2019.04.02"]
[Round "2.38"]
[White "Mareco, Sandro"]
[Black "Singh Gurmeher"]
[Result "1-0"]
[WhiteElo "2651"]
[BlackElo "1589"]
[Annotator "TA"]
[PlyCount "53"]
[EventDate "2019.04.01"]
[EventType "swiss"]
[EventCountry "UAE"]
[SourceTitle "playchess.com"]
[Source "ChessBase"]
[SourceQuality "1"]

{[%evp 19,53,20,48,30,63,62,70,61,71,57,84,81,150,143,300,108,113,112,220,234,221,222,281,274,505,514,514,497,506,496,532,519,504,512,793,772]} 1. Nf3 d5 2. g3 e6 3. Bg2 c5 4. c4 Nf6 5. O-O Be7 6. d4 Nc6 7. cxd5 Nxd5 8. dxc5 O-O 9. a3 Bxc5 10. Qc2 Be7 11. e4 {aiming for Rd1. E06: Closed Catalan: Early deviations} (11. Rd1 Qa5 12. Bd2 Qb5 13. Nc3 Nxc3 14. Bxc3 a5 15. Nd4 Nxd4 16. Rxd4 Qb6 17. Rad1 e5 18. Rc4 Be6 19. Bd5 {1-0 (44) Vazquez Igarza,R (2573)-Mohammad Fahad,R (2263) Batumi 2018}) 11... Nf6 12. Nc3 Bd7 $146 ({Predecessor:} 12... Qc7 13. Rd1 Ng4 14. Bf4 e5 15. Nd5 Qd6 16. Bd2 f5 17. Bc3 Rb8 18. b4 fxe4 19. Qxe4 {1-0 (28) Kabatianski,A (2372)-Van Meegen,R (2239) Netherlands 2017}) 13. Bf4 {White is slightly better.} Rc8 14. Rad1 h6 15. Qd2 g5 {[#]} (15... Qb6 $142) 16. Be3 $1 $16 e5 $2 {[#]} (16... Na5 $16 {was worth a try.}) 17. h4 $2 (17. Bxg5 $1 $18 {[%mdl 512] is the precise move to win.} Bg4 (17... hxg5 18. Qxg5+) 18. Qc1) 17... Bg4 18. Qc1 $36 {[%mdl 2048] White is on the roll.} Qa5 (18... Nd7 $16) 19. hxg5 $18 Nxe4 20. Nxe4 {[%cal Bc3e4,Be4d2,Bd2f3][%mdl 32]} Nd4 21. Qd2 Nxf3+ $2 (21... Qxd2 {was necessary.} 22. Nexd2 hxg5 23. Bxd4 exd4) 22. Bxf3 {White is clearly winning.} Qxd2 23. Nxd2 Bxf3 24. Nxf3 e4 25. Nd4 Bxg5 26. Nf5 Rce8 (26... Rcd8 $142 27. Bxa7 Rfe8) 27. Nxh6+ {Accuracy: White = 57%, Black = 22%.} 1-0